|
|
|
|
| LEADER |
00594cam a2200169 7i4500 |
| 001 |
0000031322 |
| 005 |
20140519090000.0 |
| 022 |
0 |
0 |
|a 20445814
|
| 090 |
0 |
0 |
|a CAMR 665.5
|b CAM
|
| 245 |
0 |
0 |
|a Cameroon oil & gas report Q1 2014 :
|b Includes 10 - year forecasts to 2022.
|
| 260 |
0 |
0 |
|a London:
|b Business Monitor International,
|c 2013.
|
| 300 |
# |
# |
|a 86 p.
|
| 440 |
0 |
0 |
|a Part of BMI's industry report & forecasts series
|
| 650 |
0 |
0 |
|a Petroleum industry and trade --
|z Cameroon
|
| 650 |
0 |
0 |
|a Gas industry and trade --
|z Cameroon
|
| 651 |
0 |
0 |
|a Cameroon
|
| 999 |
|
|
|a B000034384
|b Book
|c Countries
|e Business Information Centre
|